000 00686 a2200181 4500
003 Nust
005 20221207125336.0
020 _a9783845407098
040 _cNust
082 _a621.382,ABI
100 _aAbidi, Ali
_9104341
245 _aIndexig and retrieval of text images using word spotting technique /
_cAli Abidi
260 _aLambert acdemic publishing
_bU.S.A
_c2011
300 _a91 p
505 _aIntroduction (Page-7), Urdu Language-Challenges (Page-14), Exiting Work (Page-21), Documents Image Indexing (Page-39), Information Retrieval (Page-50), Experimental Evaluation (Page-62), Conclusions (Page-80)
650 _aTelecommunication Engineering
942 _2ddc
_cBK
999 _c190480
_d190480